[Event "Moscow Open E"]
[Site "Moscow RUS"]
[Date "2011.01.31"]
[Round "3"]
[White "Samojlov, Anton"]
[Black "Kokarev, Dmitry"]
[Result "0-1"]
[BlackTitle "GM"]
[WhiteElo "2366"]
[BlackElo "2583"]
[WhiteFideId "4151909"]
[BlackFideId "4132181"]
[EventDate "2011.01.29"]

1. e4 c5 2. Nf3 d6 3. d4 cxd4 4. Nxd4 Nf6 5. Nc3 a6 6. Be3 e5 7. Nb3 Be7 8. f3
Be6 9. Qd2 Nbd7 10. O-O-O b5 11. Kb1 O-O 12. Qf2 Rc8 13. g4 Rxc3 14. bxc3 Qc7
15. h4 Rc8 16. h5 Bxg4 17. h6 g6 18. Bh3 Bxh3 19. Rxh3 Qxc3 20. Qd2 Qc7 21. Rh2
Nb6 22. Qa5 Nfd7 23. Rd3 Qb7 24. Qe1 Na4 25. Qg1 Qc7 26. Qg4 Nf6 27. Qh3 Bf8 28.
Rg2 a5 29. Bg5 Nd7 30. f4 exf4 31. Bxf4 Re8 32. Qf5 Bg7 33. hxg7 gxf5 34. Nd4
Nc3+ 35. Kb2 Nc5 36. Nxf5 Nxd3+ 37. cxd3 Re6 0-1

[Event "Moscow Open E"]
[Site "Moscow RUS"]
[Date "2011.01.31"]
[Round "3"]
[White "Kotsur, Pavel"]
[Black "Savitskiy, Sergey"]
[Result "1-0"]
[WhiteTitle "GM"]
[BlackTitle "FM"]
[WhiteElo "2559"]
[BlackElo "2359"]
[WhiteFideId "13700278"]
[BlackFideId "24105660"]
[EventDate "2011.01.29"]

1. e4 c5 2. Nf3 d6 3. d4 cxd4 4. Nxd4 Nf6 5. f3 e5 6. Nb3 Be6 7. c4 Nbd7 8. Be3
Rc8 9. Na3 a6 10. Be2 Be7 11. O-O O-O 12. Nd2 Nb6 13. Re1 Nfd7 14. Rc1 f5 15.
exf5 Bxf5 16. Nf1 Nc5 17. b4 Ne6 18. Bd3 Bxd3 19. Qxd3 d5 20. Qb3 Nf4 21. c5 Na8
22. Rcd1 Nc7 23. Bxf4 exf4 24. Nc4 Kh8 25. Nb6 Rb8 26. Nxd5 Nxd5 27. Qxd5 Qxd5
28. Rxd5 Bf6 29. Re4 g5 30. Kf2 Rbd8 31. Rxd8 Rxd8 32. Ke2 Bc3 33. Rc4 Re8+ 34.
Kd3 Be1 35. a3 Kg7 36. Re4 Rxe4 37. Kxe4 Kf6 38. Kd5 Ke7 39. g3 Bc3 40. gxf4
gxf4 41. Kc4 Bb2 42. Nd2 Bxa3 43. Kb3 Bc1 44. Nc4 Ke6 45. Kc2 Be3 46. Nxe3 fxe3
47. Kd3 Kd5 48. Kxe3 Kc4 49. f4 Kxb4 50. c6 bxc6 51. Ke4 1-0

[Event "Moscow Open E"]
[Site "Moscow RUS"]
[Date "2011.01.31"]
[Round "3"]
[White "Kutuzov, Denis"]
[Black "Jumabayev, Rinat"]
[Result "1-0"]
[BlackTitle "GM"]
[WhiteElo "2360"]
[BlackElo "2555"]
[WhiteFideId "4133617"]
[BlackFideId "13702661"]
[EventDate "2011.01.29"]

1. b4 e5 2. a3 d5 3. Bb2 Bd6 4. Nf3 Nd7 5. e3 Ngf6 6. c4 c6 7. cxd5 cxd5 8. Nc3
a6 9. Be2 O-O 10. O-O Re8 11. Rc1 Nf8 12. Na4 Ng6 13. d3 h5 14. Nd2 h4 15. Bf3
Bd7 16. Nc5 Bc6 17. Qb3 Rc8 18. Rc2 Bb8 19. Rfc1 e4 20. Bxf6 Qd6 21. Ncxe4 dxe4
22. Nxe4 Qxh2+ 23. Kf1 h3 24. gxh3 Qxh3+ 25. Bg2 Qf5 26. Rc5 Qd7 27. Qc3 Bxe4
28. Rxc8 Bxg2+ 29. Kxg2 Qg4+ 30. Kf1 Qh3+ 31. Ke1 Rf8 32. Rxf8+ 1-0

[Event "Moscow Open E"]
[Site "Moscow RUS"]
[Date "2011.02.01"]
[Round "4"]
[White "Fominyh, Alexander"]
[Black "Khismatullin, Denis"]
[Result "1/2-1/2"]
[WhiteTitle "GM"]
[BlackTitle "GM"]
[WhiteElo "2475"]
[BlackElo "2649"]
[WhiteFideId "4100590"]
[BlackFideId "4142578"]
[EventDate "2011.01.29"]

1. d4 Nf6 2. Nf3 e6 3. c4 c5 4. g3 cxd4 5. Nxd4 Qc7 6. Nd2 a6 7. Bg2 Nc6 8. N2f3
Be7 9. O-O O-O 10. b3 d6 11. Bb2 Bd7 12. Rc1 Rac8 13. Qd3 h6 14. Rfd1 Rfd8 15.
e4 e5 16. Nc2 b5 17. Nd2 Qa7 18. Qe2 b4 19. Ne3 a5 20. Nd5 Nxd5 21. cxd5 Nd4 22.
Bxd4 Qxd4 23. Nc4 Qa7 24. h4 Rc5 25. Rc2 Rdc8 26. Rdc1 Bb5 27. Bf1 Qb8 28. Qd1
Bd8 29. Qf3 Bb6 30. Bd3 Bxc4 31. Rxc4 Qa7 32. Kg2 a4 33. Qf5 Ra8 34. Rxc5 Bxc5
35. bxa4 Qxa4 36. Bc4 g6 37. Qf6 Qd7 38. Bb3 h5 39. Rxc5 dxc5 40. d6 Ra6 41.
Qxg6+ Kf8 42. Qh6+ Kg8 43. Qg5+ Kf8 44. Qxh5 Kg8 45. Qg6+ Kf8 46. Qf6 Kg8 47. h5
Rxd6 48. Qxe5 Qc6 49. Bd5 Qd7 50. Bb3 Qc6 51. Qg5+ Kf8 52. Bd5 Qd7 53. h6 Rg6
54. Qe3 Qd6 55. Qf3 Qf6 56. Qe3 Qd6 57. Qf3 Qf6 1/2-1/2

[Event "Moscow Open E"]
[Site "Moscow RUS"]
[Date "2011.02.01"]
[Round "4"]
[White "Mozharov, Mikhail"]
[Black "Turov, Maxim"]
[Result "0-1"]
[WhiteTitle "IM"]
[BlackTitle "GM"]
[WhiteElo "2472"]
[BlackElo "2631"]
[WhiteFideId "4189825"]
[BlackFideId "4120086"]
[EventDate "2011.01.29"]

1. e4 e5 2. Nf3 Nc6 3. Nc3 Nf6 4. Bb5 Bd6 5. d3 O-O 6. Bg5 h6 7. Bh4 a6 8. Ba4
b5 9. Bb3 Be7 10. Bxf6 Bxf6 11. Nd5 Na5 12. Qd2 Nxb3 13. axb3 d6 14. Qa5 Ra7 15.
Nxf6+ Qxf6 16. O-O Bg4 17. Nd2 Qg5 18. f3 Be6 19. Rf2 f5 20. Qc3 Qe3 21. Nf1 Qb6
22. Qa5 Qd4 23. c3 Qc5 24. b4 Qc6 25. Ng3 f4 26. Ne2 d5 27. Rd1 Rd8 28. Qa1 dxe4
29. dxe4 Raa8 30. g3 Bb3 31. Re1 fxg3 32. Nxg3 Qb6 33. Qc1 Rd3 34. Kg2 Rad8 35.
Nf5 Qg6+ 36. Kh1 Qh5 37. Rg1 Rd1 38. Qe3 R8d3 39. Rxd1 Rxd1+ 40. Kg2 Be6 41. Rd2
Ra1 42. Qd3 Bxf5 43. exf5 Re1 44. Rd1 Qg5+ 45. Kh3 Rxd1 46. Qxd1 Qxf5+ 47. Kg2
e4 48. fxe4 Qxe4+ 49. Kg3 Kh7 50. Qd7 Qe5+ 51. Kg2 h5 52. Qc8 Qd6 53. h3 Qc6+
54. Kg3 Kg6 55. Qg8 Qd6+ 56. Kg2 Qd2+ 57. Kf3 Qd3+ 58. Kg2 Qe2+ 59. Kg3 Qe3+ 60.
Kg2 Qe4+ 61. Kf2 h4 62. Qd8 Qf4+ 63. Ke2 Qe5+ 64. Kd3 Qd6+ 65. Qxd6+ cxd6 66.
Ke4 Kf6 67. b3 g5 68. c4 Ke6 69. Kf3 Kf5 70. Ke3 Ke5 0-1

[Event "Moscow Open E"]
[Site "Moscow RUS"]
[Date "2011.02.01"]
[Round "4"]
[White "Frolyanov, Dmitry"]
[Black "Kabanov, Nikolai"]
[Result "0-1"]
[WhiteTitle "GM"]
[BlackTitle "GM"]
[WhiteElo "2616"]
[BlackElo "2482"]
[WhiteFideId "4151976"]
[BlackFideId "4127820"]
[EventDate "2011.01.29"]

1. e4 e5 2. Nf3 Nc6 3. Bb5 Nf6 4. O-O Nxe4 5. d4 Nd6 6. Bxc6 dxc6 7. dxe5 Nf5 8.
Qxd8+ Kxd8 9. Nc3 Bd7 10. b3 Kc8 11. Bb2 h5 12. Rad1 Be7 13. Ne4 a5 14. a4 c5
15. Nc3 Bd8 16. Nd5 c4 17. Rfe1 Ra6 18. Nd2 cxb3 19. cxb3 Rc6 20. Nc4 b6 21. Re4
Ne7 22. Nde3 Be6 23. h3 h4 24. Ba3 Nf5 25. Nd5 Bg5 26. Nf4 Bxf4 27. Rxf4 Re8 28.
Re4 Rd8 29. Rxd8+ Kxd8 30. Kh2 Bd5 31. Rg4 Kd7 32. Bb2 Be6 33. Ba3 Bd5 34. Bb2
Rg6 35. Nd2 Ke6 36. Kg1 c5 37. Nc4 Rxg4 38. hxg4 Nd4 39. Nxb6 Bxb3 40. Kf1 Kxe5
41. Bc3 Kd6 42. Bxa5 Kc6 43. f3 Be6 44. Na8 Kb7 45. Nc7 Bc4+ 46. Ke1 Nc6 0-1

[Event "Moscow Open E"]
[Site "Moscow RUS"]
[Date "2011.02.01"]
[Round "4"]
[White "Bukavshin, Ivan"]
[Black "Matlakov, Maxim"]
[Result "1/2-1/2"]
[WhiteTitle "FM"]
[BlackTitle "GM"]
[WhiteElo "2458"]
[BlackElo "2616"]
[WhiteFideId "4199758"]
[BlackFideId "4168003"]
[EventDate "2011.01.29"]

1. d4 Nf6 2. c4 g6 3. Nc3 d5 4. Bg5 Bg7 5. Bxf6 Bxf6 6. cxd5 c6 7. e4 O-O 8. e5
Bg7 9. Bc4 b5 10. Bb3 b4 11. Nce2 cxd5 12. h4 Nc6 13. h5 e6 14. Nf3 Ba6 15. Nf4
Rc8 16. hxg6 hxg6 17. Bc2 b3 18. axb3 Qb6 19. Ne2 Bxe2 20. Kxe2 Nb4 21. Bd3 Rc7
22. Qd2 Rfc8 23. Rhc1 Nc6 24. g3 Nxd4+ 25. Nxd4 Qxd4 26. f4 Bf8 27. Rxc7 Rxc7
28. Ra4 Qg1 29. Qe1 Qb6 30. Qa5 Qc6 31. Ra1 Rb7 32. Qc3 Qb6 33. Rc1 Qxb3 34.
Qxb3 Rxb3 35. Rc2 Bb4 36. g4 Ba5 37. f5 gxf5 38. gxf5 exf5 39. Bxf5 Bb6 40. Kd1
Re3 41. Re2 Kf8 42. e6 Rxe2 43. Kxe2 f6 44. Kf3 a5 45. b3 Ke7 46. Bg4 Kd6 47.
Kf4 Bd8 48. Bh3 Kc5 49. Bg2 d4 50. Ke4 Be7 51. Bf3 Kb4 52. Kxd4 Kxb3 53. Bd5+
Kb4 54. Kd3 a4 55. Bc4 Kc5 56. Ba2 Bd8 57. Bc4 Kd6 58. Ke4 Kc5 59. Kd3 f5 60.
Ba2 Bg5 61. Ke2 Kd4 62. Kf3 Ke5 63. Bc4 a3 64. Ba2 Kd4 65. e7 Bxe7 66. Kf4 Kc3
67. Kxf5 Bf6 68. Kxf6 Kb2 69. Be6 a2 70. Bxa2 Kxa2 1/2-1/2

[Event "Moscow Open E"]
[Site "Moscow RUS"]
[Date "2011.02.01"]
[Round "4"]
[White "Peregudov, Nikolay"]
[Black "Chernyshov, Konstantin"]
[Result "0-1"]
[WhiteTitle "IM"]
[BlackTitle "GM"]
[WhiteElo "2415"]
[BlackElo "2597"]
[WhiteFideId "13700260"]
[BlackFideId "4117328"]
[EventDate "2011.01.29"]

1. d4 e6 2. c4 b6 3. Nf3 Bb7 4. a3 f5 5. Nc3 Nf6 6. d5 Bd6 7. g3 O-O 8. Bg2 a5
9. O-O Na6 10. e4 fxe4 11. Ng5 exd5 12. cxd5 Nc5 13. Ngxe4 Ncxe4 14. Nxe4 Nxe4
15. Bxe4 Qe8 16. Re1 Qf7 17. Be3 Rae8 18. f3 Re5 19. Qd3 Bxd5 20. Bxh7+ Kh8 21.
Bf4 Rxe1+ 22. Rxe1 Bxf4 23. Bg6 Qf6 24. gxf4 Bxf3 25. f5 Qg5+ 26. Kf2 Bg4 0-1

[Event "Moscow Open E"]
[Site "Moscow RUS"]
[Date "2011.02.01"]
[Round "4"]
[White "Kokarev, Dmitry"]
[Black "Grigoryan, Karen H."]
[Result "1/2-1/2"]
[WhiteTitle "GM"]
[BlackTitle "FM"]
[WhiteElo "2583"]
[BlackElo "2454"]
[WhiteFideId "4132181"]
[BlackFideId "13301004"]
[EventDate "2011.01.29"]

1. e4 c5 2. Nf3 d6 3. d4 cxd4 4. Nxd4 Nf6 5. Nc3 a6 6. h3 e5 7. Nde2 h5 8. Bg5
Be7 9. Bxf6 Bxf6 10. Nd5 Bg5 11. Nec3 Nc6 12. Na4 Ne7 13. Nab6 Nxd5 14. Nxd5 Be6
15. Bc4 Rc8 16. Bb3 Qa5+ 17. c3 g6 18. O-O O-O 19. Qe2 Kg7 20. Rad1 Qc5 21. Rd3
a5 22. a3 Bd7 23. Qd1 Bb5 24. c4 Bc6 25. Rc3 Bxd5 26. cxd5 Qb6 27. Qc2 Rxc3 28.
Qxc3 Re8 29. a4 Re7 1/2-1/2

[Event "Moscow Open E"]
[Site "Moscow RUS"]
[Date "2011.02.01"]
[Round "4"]
[White "Khatoev, Eduard"]
[Black "Kotsur, Pavel"]
[Result "0-1"]
[BlackTitle "GM"]
[WhiteElo "2270"]
[BlackElo "2559"]
[WhiteFideId "24145076"]
[BlackFideId "13700278"]
[EventDate "2011.01.29"]

1. d4 Nf6 2. Nf3 b6 3. e3 Bb7 4. Bd3 c5 5. O-O g6 6. c4 cxd4 7. exd4 Bg7 8. Nc3
d5 9. cxd5 O-O 10. Re1 Na6 11. Ne5 Nb4 12. Bb5 Nbxd5 13. Qb3 Rc8 14. Bc4 h6 15.
Bd2 e6 16. Rac1 Nxc3 17. bxc3 Ne4 18. Be3 Bxe5 19. dxe5 Nd2 20. Bxd2 Qxd2 21.
Bf1 Rc5 22. Qa3 Ra5 23. Qe7 Ba6 24. Bxa6 Rxa6 25. a3 Ra5 26. Red1 Qf4 27. c4 Qg5
28. Qxg5 hxg5 29. Rd7 Rc8 30. Rc3 Rxe5 31. h3 a5 32. Rb7 Rc6 33. Rb3 Rxc4 34.
R7xb6 g4 35. hxg4 Rxg4 36. R6b5 Rxb5 37. Rxb5 Ra4 38. Rb3 Rd4 39. Rb5 Ra4 40.
Rb3 Kg7 41. Kf1 f5 42. Ke2 Kf6 43. Ke3 g5 44. f3 Rc4 45. Kd3 Rc1 46. Ke3 Rc2 47.
g4 a4 48. Rd3 Ke5 49. gxf5 exf5 50. f4+ gxf4+ 51. Kf3 Rb2 52. Rd2 Rb3+ 0-1

[Event "Moscow Open E"]
[Site "Moscow RUS"]
[Date "2011.02.01"]
[Round "4"]
[White "Kovtunenko, Alexandr"]
[Black "Lenderman, Aleksandr"]
[Result "0-1"]
[BlackTitle "GM"]
[WhiteElo "2181"]
[BlackElo "2549"]
[WhiteFideId "4144597"]
[BlackFideId "2021285"]
[EventDate "2011.01.29"]

1. e4 c6 2. d4 d5 3. e5 Bf5 4. Nc3 e6 5. g4 Bg6 6. Nge2 c5 7. h4 h5 8. Nf4 Bh7
9. g5 cxd4 10. Nb5 Be4 11. f3 Bf5 12. g6 Qa5+ 13. Qd2 Bb4 14. gxf7+ Kxf7 15.
Nd6+ Kf8 16. Bd3 Rh6 17. Nxf5 exf5 18. c3 dxc3 19. Qc2 cxb2+ 20. Ke2 bxc1=N+ 21.
Raxc1 Nc6 22. Qb2 Re8 23. e6 Rhxe6+ 24. Nxe6+ Rxe6+ 25. Kf1 Ba3 26. Ra1 0-1

[Event "Moscow Open E"]
[Site "Moscow RUS"]
[Date "2011.02.01"]
[Round "4"]
[White "Nikologorskiy, Konstantin"]
[Black "Pridorozhni, Aleksei"]
[Result "1-0"]
[WhiteTitle "FM"]
[BlackTitle "IM"]
[WhiteElo "2144"]
[BlackElo "2543"]
[WhiteFideId "24111708"]
[BlackFideId "4127870"]
[EventDate "2011.01.29"]

1. c4 e5 2. Nc3 Nf6 3. Nf3 Nc6 4. d4 d6 5. g3 Be7 6. Bg2 O-O 7. O-O Bd7 8. b3
Re8 9. Bb2 Bf8 10. d5 Ne7 11. e4 Qc8 12. Nd2 Bh3 13. Qe2 Bxg2 14. Kxg2 g6 15.
Na4 Nd7 16. f4 exf4 17. gxf4 Bg7 18. Bxg7 Kxg7 19. Qf2 Ng8 20. Rae1 f6 21. c5 b5
22. cxb6 axb6 23. Nc3 Nc5 24. Qg3 f5 25. e5 Qb7 26. Kg1 b5 27. b4 Na4 28. Nxa4
Rxa4 29. Qc3 dxe5 30. Rxe5 Rxe5 31. Qxe5+ Kf8 32. Rc1 Ra7 33. Rc6 Qa8 34. Nb3
Qe8 35. Nd4 Qxe5 36. fxe5 Ne7 37. Ne6+ Ke8 38. Nxc7+ Kd7 39. Nxb5 Rxa2 40. Rc7+
Kd8 41. d6 Nd5 42. Rxh7 1-0

[Event "Moscow Open E"]
[Site "Moscow RUS"]
[Date "2011.02.01"]
[Round "4"]
[White "Voitsekhovsky, Stanislav"]
[Black "Airapetian, Gor"]
[Result "1/2-1/2"]
[WhiteTitle "GM"]
[BlackTitle "IM"]
[WhiteElo "2537"]
[BlackElo "2442"]
[WhiteFideId "4113470"]
[BlackFideId "4177916"]
[EventDate "2011.01.29"]

1. e4 c6 2. d4 d5 3. exd5 cxd5 4. c4 Nf6 5. Nc3 e6 6. Nf3 Be7 7. cxd5 Nxd5 8.
Bd3 Nc6 9. O-O O-O 10. Re1 Nf6 11. a3 b6 12. Bc2 Ba6 13. Bg5 Rc8 14. Qd2 Qc7 15.
Rad1 Rfd8 16. Qe3 Na5 17. Ne5 Nc4 18. Nxc4 Bxc4 19. Qh3 g6 20. Qh4 Nd5 21. Ne4
Bxg5 22. Nxg5 Nf6 23. Re3 Bd5 24. Bd3 Kg7 25. Rh3 h5 26. Rg3 Rg8 27. Ba6 Rcd8
28. Rc3 Qd6 29. Rdc1 Rd7 30. Bb5 Re7 31. h3 Rd8 32. Rd1 Rc7 33. Rg3 Rdc8 1/2-1/2

[Event "Moscow Open E"]
[Site "Moscow RUS"]
[Date "2011.02.01"]
[Round "4"]
[White "Dobrov, Vladimir"]
[Black "Kutuzov, Denis"]
[Result "1-0"]
[WhiteTitle "GM"]
[WhiteElo "2516"]
[BlackElo "2360"]
[WhiteFideId "4136594"]
[BlackFideId "4133617"]
[EventDate "2011.01.29"]

1. c4 Nf6 2. Nc3 c6 3. e4 e5 4. Nf3 Qa5 5. Be2 Bb4 6. O-O O-O 7. Qc2 Re8 8. d4
exd4 9. e5 Rxe5 10. Nd5 Rxd5 11. cxd5 Qxd5 12. Rd1 Qc5 13. Qd3 Qe7 14. a3 Ba5
15. Bg5 d5 16. Nxd4 Nbd7 17. Qg3 Ne5 18. Bd3 Bg4 19. Re1 Bxe1 20. Rxe1 Re8 21.
Bxf6 Qxf6 22. f4 Nf3+ 23. Nxf3 Rxe1+ 24. Qxe1 Qd6 25. Qe8+ Qf8 26. Bxh7+ 1-0

[Event "Moscow Open E"]
[Site "Moscow RUS"]
[Date "2011.02.02"]
[Round "5"]
[White "Turov, Maxim"]
[Black "Dobrov, Vladimir"]
[Result "1-0"]
[WhiteTitle "GM"]
[BlackTitle "GM"]
[WhiteElo "2631"]
[BlackElo "2516"]
[WhiteFideId "4120086"]
[BlackFideId "4136594"]
[EventDate "2011.01.29"]

1. c4 Nf6 2. Nc3 d5 3. cxd5 Nxd5 4. g3 g6 5. Bg2 Nb6 6. d3 Bg7 7. Be3 h5 8. Nf3
Nc6 9. Qd2 Bg4 10. Rc1 Rb8 11. h3 Bf5 12. O-O Qd7 13. Kh2 Rd8 14. Rfd1 Qc8 15.
Nb5 Qb8 16. Nh4 Bd7 17. Bf4 Na8 18. b4 a6 19. Na3 O-O 20. Bh6 e5 21. Rc5 Rde8
22. Nc4 Qd8 23. Bxg7 Kxg7 24. Bxc6 Bxc6 25. Rxe5 Rxe5 26. Nxe5 Qd4 27. Qf4 Qxf4
28. gxf4 Bd5 29. a3 Rd8 30. Rc1 c6 31. Ng2 Nc7 32. Ne3 Be6 33. N3c4 Nd5 34. e3
Kf6 35. Na5 Rb8 36. e4 Ne7 37. Kg3 Kg7 38. h4 Kf8 39. Kf3 f6 40. Nec4 b6 41. Nb3
Ke8 42. Ke3 Kd7 43. a4 Kc7 44. a5 Bxc4 45. axb6+ Rxb6 46. Rxc4 Rb5 47. Nd4 Rb8
48. Ne6+ Kb6 49. Rd4 Rb7 50. Nc5 Ra7 51. Nd7+ Kb5 52. Nxf6 c5 53. bxc5 a5 54.
Kd2 a4 55. Rd7 Rxd7 56. Nxd7 Kb4 57. Ne5 Kb3 58. Nc4 Kb4 59. Ne5 Kb3 60. Kc1 a3
61. Kb1 a2+ 62. Ka1 Nc8 63. Nc6 Ka4 64. d4 1-0

[Event "Moscow Open E"]
[Site "Moscow RUS"]
[Date "2011.02.02"]
[Round "5"]
[White "Kabanov, Nikolai"]
[Black "Amonatov, Farrukh"]
[Result "1-0"]
[WhiteTitle "GM"]
[BlackTitle "GM"]
[WhiteElo "2482"]
[BlackElo "2590"]
[WhiteFideId "4127820"]
[BlackFideId "14700077"]
[EventDate "2011.01.29"]

1. e4 e5 2. Nf3 Nc6 3. d4 exd4 4. Nxd4 Bc5 5. Nxc6 Qf6 6. Qf3 bxc6 7. Nd2 Qxf3
8. gxf3 Nf6 9. Nb3 Bb4+ 10. c3 Be7 11. Rg1 g6 12. Bf4 d6 13. O-O-O Nh5 14. Be3
a5 15. f4 O-O 16. f5 c5 17. Nd2 Ba6 18. Bxa6 Rxa6 19. a4 Kh8 20. Bh6 Re8 21. Nc4
gxf5 22. Rd5 Bf8 23. Bxf8 Rxf8 24. Rxf5 Ng7 25. Rf6 Ne8 26. Rf3 Rg8 27. Rgg3 Rg7
28. Ne3 Ra8 29. Kc2 Kg8 30. Nd5 Kf8 31. Rh3 Kg8 32. Ne7+ Kh8 33. Rh6 f6 34. Nd5
Rg6 35. Rxg6 hxg6 36. Nxf6 Nxf6 37. Rxf6 Kg7 38. Rf4 Re8 39. b3 c6 40. Kd3 g5
41. Rg4 Kf6 42. h4 gxh4 43. Rxh4 Rb8 44. Rh6+ Ke7 45. e5 dxe5 46. Rxc6 Rxb3 47.
Rxc5 Kd6 48. Rxa5 Rb2 49. f3 Rf2 50. Ra6+ Kc5 51. Ke3 Rc2 52. Re6 Kd5 53. Kd3
Rc1 54. Re8 Ra1 55. Rd8+ Ke6 56. Ra8 Rf1 57. Ke2 Rc1 58. Rc8 Ra1 59. Rc4 Kd5 60.
Rb4 Rc1 61. Rb3 Ra1 62. Rb5+ Kd6 63. a5 Rc1 64. a6 Ra1 65. Rb6+ Kc5 66. Rf6 Kc4
67. Kd2 Ra3 68. Ke3 Kd5 69. Kd3 Ra1 70. c4+ Kc5 71. Re6 Ra3+ 72. Ke4 Kxc4 73.
Rxe5 Rxa6 74. f4 Ra1 75. f5 Rf1 76. Ra5 Kb4 77. Rd5 Kc4 78. Re5 Rf2 79. Ra5 Kb4
80. Rd5 Kc4 81. Rd1 1-0

[Event "Moscow Open E"]
[Site "Moscow RUS"]
[Date "2011.02.02"]
[Round "5"]
[White "Kotsur, Pavel"]
[Black "Nikologorskiy, Konstantin"]
[Result "1-0"]
[WhiteTitle "GM"]
[BlackTitle "FM"]
[WhiteElo "2559"]
[BlackElo "2144"]
[WhiteFideId "13700278"]
[BlackFideId "24111708"]
[EventDate "2011.01.29"]

1. e4 c5 2. Nf3 d6 3. d4 cxd4 4. Nxd4 Nf6 5. f3 e5 6. Nb3 d5 7. Bg5 Be6 8. Bxf6
gxf6 9. exd5 Qxd5 10. Qxd5 Bxd5 11. Nc3 Bc6 12. O-O-O Bh6+ 13. Kb1 Rg8 14. Na5
Kf8 15. Rd8+ Kg7 16. Rxg8+ Kxg8 17. Bc4 b6 18. Nxc6 Nxc6 19. Ne4 Kg7 20. Nd6 Rd8
21. Nf5+ Kg6 22. g4 Nd4 23. Rd1 Ne6 24. Bd3 Bf4 25. h4 Nc5 26. Nd6+ Nxd3 27. h5+
Kg7 28. Rxd3 Kf8 29. b4 b5 30. a3 a6 31. Ne4 Rxd3 32. cxd3 Ke7 33. Kc2 f5 34.
gxf5 Be3 35. a4 Bd4 36. a5 h6 37. Kd2 Bg1 38. Ke1 Bd4 39. Ke2 Ba7 40. Kf1 Bd4
41. Kg2 Be3 42. Kg3 Kd7 43. Kg4 Ke7 44. f4 exf4 45. Kf3 Bc1 46. Nc5 Be3 47. Nxa6
Kd6 48. Ke4 Kc6 49. d4 Bd2 50. f6 Kd6 51. Nc5 Kc7 52. Nd3 Kb7 53. d5 Kc7 54. a6
Bc3 55. d6+ 1-0

[Event "Moscow Open E"]
[Site "Moscow RUS"]
[Date "2011.02.02"]
[Round "5"]
[White "Lenderman, Aleksandr"]
[Black "Yu, Yangyi"]
[Result "0-1"]
[WhiteTitle "GM"]
[BlackTitle "GM"]
[WhiteElo "2549"]
[BlackElo "2607"]
[WhiteFideId "2021285"]
[BlackFideId "8603820"]
[EventDate "2011.01.29"]

1. d4 Nf6 2. c4 e6 3. Nc3 Bb4 4. e3 O-O 5. Ne2 d5 6. a3 Be7 7. cxd5 exd5 8. g3
c6 9. Bg2 Ne8 10. b4 b5 11. a4 Bxb4 12. axb5 cxb5 13. Qb3 a5 14. Bd2 Nc7 15.
Nxb5 Bxd2+ 16. Kxd2 a4 17. Rxa4 Rxa4 18. Qxa4 Bd7 19. Nec3 Qf6 20. Rf1 Nxb5 21.
Nxb5 Na6 22. Qa5 Nc5 23. Bxd5 Bh3 24. Re1 Qxf2+ 25. Re2 Qf5 26. e4 Qxd5 27. exd5
Nb3+ 28. Kc3 Nxa5 29. Re7 Rb8 30. Nd6 h6 31. Ra7 Rb6 32. Ra8+ Kh7 33. Nxf7 Rb3+
34. Kd2 Nc4+ 35. Kc2 Rf3 36. Rf8 Bf5+ 37. Kd1 Rd3+ 38. Ke1 Bg4 39. Rh8+ Kg6 40.
Nd8 Rd1+ 41. Kf2 Rd2+ 42. Kg1 Bf3 43. Re8 Bxd5 44. Ne6 Kf7 45. Nc7 Rg2+ 46. Kf1
Nd2+ 47. Ke1 Nf3+ 48. Kf1 Rxh2 0-1

[Event "Moscow Open E"]
[Site "Moscow RUS"]
[Date "2011.02.02"]
[Round "5"]
[White "Khismatullin, Denis"]
[Black "Stukopin, Andrey"]
[Result "1-0"]
[WhiteTitle "GM"]
[BlackTitle "IM"]
[WhiteElo "2649"]
[BlackElo "2462"]
[WhiteFideId "4142578"]
[BlackFideId "24107131"]
[EventDate "2011.01.29"]

1. d4 c5 2. d5 d6 3. e4 g6 4. Nf3 Bg7 5. Nc3 Nf6 6. Be2 O-O 7. O-O e6 8. Bf4
exd5 9. exd5 h6 10. h3 Ne8 11. Nd2 Nd7 12. Bg3 f5 13. f4 Ndf6 14. Nc4 Nc7 15. a4
b6 16. Bh4 Qd7 17. Bf3 Ba6 18. b3 Ne4 19. Nxe4 Bxa1 20. Nxc5 bxc5 21. Qxa1 Bxc4
22. bxc4 Rab8 23. Qc3 Rb4 24. Re1 Re8 25. Qf6 Rxe1+ 26. Bxe1 Rb1 27. Kf2 Kh7 28.
Bc3 Rb8 29. g4 Rg8 30. gxf5 Qe8 31. fxg6+ 1-0

[Event "Moscow Open E"]
[Site "Moscow RUS"]
[Date "2011.02.02"]
[Round "5"]
[White "Matlakov, Maxim"]
[Black "Sharavdorj, Dashzegve"]
[Result "1-0"]
[WhiteTitle "GM"]
[BlackTitle "GM"]
[WhiteElo "2616"]
[BlackElo "2452"]
[WhiteFideId "4168003"]
[BlackFideId "4900340"]
[EventDate "2011.01.29"]

1. d4 Nf6 2. c4 e6 3. Nf3 d5 4. Nc3 Bb4 5. cxd5 exd5 6. Bg5 Nbd7 7. Nd2 Be7 8.
e3 O-O 9. Bd3 Re8 10. Qf3 c6 11. g4 Nf8 12. h3 Be6 13. Qg2 c5 14. Nf3 Ne4 15.
Bxe7 Qxe7 16. O-O Nxc3 17. bxc3 c4 18. Bc2 Qa3 19. Rfc1 b5 20. Ng5 Rad8 21. Qf3
h6 22. Nxe6 Nxe6 23. h4 b4 24. Qf5 Nf8 25. cxb4 Qxb4 26. Rab1 Qa3 27. g5 Re6 28.
Kg2 g6 29. Qf4 Qe7 30. gxh6 Nh7 31. Rb8 Nf6 32. Rcb1 Nh5 33. Qg5 Rf6 34. Qe5
Rxf2+ 35. Kxf2 Qxh4+ 36. Ke2 1-0

[Event "Moscow Open E"]
[Site "Moscow RUS"]
[Date "2011.02.02"]
[Round "5"]
[White "Pushkov, Nikolai"]
[Black "Kokarev, Dmitry"]
[Result "0-1"]
[WhiteTitle "GM"]
[BlackTitle "GM"]
[WhiteElo "2445"]
[BlackElo "2583"]
[WhiteFideId "4117131"]
[BlackFideId "4132181"]
[EventDate "2011.01.29"]

1. d4 Nf6 2. Nf3 g6 3. c4 Bg7 4. Nc3 O-O 5. e4 d6 6. h3 Na6 7. Be3 c5 8. d5 e6
9. Bd3 exd5 10. exd5 Nb4 11. Bb1 b5 12. cxb5 Bb7 13. O-O Nfxd5 14. Bd2 a6 15.
bxa6 Rxa6 16. Nxd5 Nxd5 17. Bd3 Ra7 18. Rb1 Rxa2 19. Qb3 Ra7 20. Be4 Nb4 21.
Bxb7 Rxb7 22. Bc3 Qc7 23. Qd1 Rd8 24. Re1 d5 25. Qa4 Rbb8 26. Be5 Bxe5 27. Nxe5
Kg7 28. Qd1 Re8 29. Nf3 Qf4 30. Rxe8 Rxe8 31. Ra1 Re4 32. b3 Qd6 33. Ra5 Qb6 34.
Ra8 d4 35. Qd2 Qc6 36. Ra5 Qc7 37. Ra8 h6 38. Qd1 Re7 39. Qd2 Qc6 40. Ra5 Qb6
41. Ra8 Ra7 42. Rxa7 Qxa7 43. Qc1 Qe7 44. Qc4 g5 45. Kh2 Qd6+ 46. g3 Kf6 47. Kg1
Qd5 48. Qxd5 Nxd5 49. Kf1 Nc3 50. Ne1 Ke6 51. Nd3 Kd5 52. f3 Nb5 53. Ke2 Nd6 54.
g4 Ne8 55. f4 Nd6 56. fxg5 hxg5 57. Ne1 Ke4 58. Nd3 Nb7 59. Kd2 Kd5 60. Ke2 Nd8
61. Nb2 Ke4 62. Nc4 Nb7 63. Nd2+ Kf4 64. Kd3 Nd6 65. b4 cxb4 66. Kxd4 Kg3 67.
Kc5 Kxh3 68. Kxd6 Kxg4 69. Ke5 f5 70. Nb3 f4 71. Ke4 Kg3 72. Nd4 Kg2 73. Nf3 b3
74. Ne1+ Kg3 75. Nd3 f3 76. Ke3 g4 0-1

[Event "Moscow Open E"]
[Site "Moscow RUS"]
[Date "2011.02.02"]
[Round "5"]
[White "Demchenko, Anton"]
[Black "Shvedchikov, Anatoli I."]
[Result "1-0"]
[WhiteTitle "IM"]
[BlackTitle "IM"]
[WhiteElo "2546"]
[BlackElo "2435"]
[WhiteFideId "4160258"]
[BlackFideId "4103343"]
[EventDate "2011.01.29"]

1. d4 d5 2. c4 c6 3. Nf3 Nf6 4. e3 g6 5. Nc3 Bg7 6. Be2 O-O 7. O-O b6 8. Bd2 Bb7
9. cxd5 cxd5 10. Ne5 Nc6 11. f4 Ne8 12. Rc1 Nxe5 13. dxe5 f6 14. exf6 Bxf6 15.
Qb3 e6 16. Bg4 Ng7 17. Nb5 Rf7 18. Bb4 Ba6 19. a4 Rc8 20. Rxc8 Qxc8 21. Nd6 Qc6
22. Nxf7 h5 23. Nh6+ Kh7 24. Re1 Kxh6 25. Bh3 Nf5 26. Bxf5 gxf5 27. Bc3 Bh4 28.
Qb4 Qc5 1-0